000 00375pam a2200157a 44500
008 230515b2010 xxu||||| |||| 00| 0 eng d
020 _a9.78052E+12
041 _aENGLISH
082 _a620.1/SRI
100 _aSRINIVASAN A.V.
245 _aSMART STRUCTURES
250 _aNULL
260 _aPUNE
_bCAMBRIDGE UNIVERSITY PRESS
_c2010
300 _aXI228PB
650 _aNULL
999 _c662962
_d662962